000 00203 a2200097 4500
001 11409
100 _aLeaky, L.S.B.
245 _aDefeating Mav Mav
260 _a
_bMethuen & Co
_c
090 _c8951
_d8951
942 _aNUST-CAE
_cM
_c35768
999 _c246482
_d246482